000 00730cam a22002291 4500
001 sa 68018156
003 DLC
005 20260227112709.0
008 721122s1966 xx 000 0 ind
010 _asa 68018156
035 _a(OCoLC)500638
040 _aDLC
_cOAU
_dDLC
042 _apremarc
050 0 0 _aJQ766.C5
_bS33
100 1 _aSadli, Mohammad.
245 1 0 _aMeneropong suatu aspek dari perimbangan kekuatan politik baru:
_bhubungan militer-sipil.
260 _aDjakarta,
_bLembaga Ekonomi dan Kemasjarakatan Nasional,
_c1966.
300 _a16 l.
_c27 cm.
500 _aCover title.
650 0 _aCivil supremacy over the military
_zIndonesia.
710 1 _aDjakarta.
_bLembaga Ekonomi dan Kemasjarakatan Nasional.
999 _c88206
_d88206